|
|
|
|
| LEADER |
01822nam a2200385 a 4500 |
| 001 |
EBC3376601 |
| 003 |
MiAaPQ |
| 005 |
20200520144314.0 |
| 006 |
m o d | |
| 007 |
cr cn||||||||| |
| 008 |
910814s1991 dcua sb 101 0 eng |
| 010 |
|
|
|z 91029624
|
| 020 |
|
|
|z 0309045835
|
| 035 |
|
|
|a (MiAaPQ)EBC3376601
|
| 035 |
|
|
|a (Au-PeEL)EBL3376601
|
| 035 |
|
|
|a (CaPaEBR)ebr10056876
|
| 035 |
|
|
|a (CaONFJC)MIL20340
|
| 035 |
|
|
|a (OCoLC)923264893
|
| 040 |
|
|
|a MiAaPQ
|c MiAaPQ
|d MiAaPQ
|
| 050 |
|
4 |
|a HC110.T4
|b P46 1991
|
| 082 |
0 |
4 |
|a 338/.064/0973
|2 20
|
| 245 |
0 |
0 |
|a People and technology in the workplace
|h [electronic resource] /
|c National Academy of Engineering [and] Commission on Behavioral and Social Sciences and Education, National Research Council.
|
| 260 |
|
|
|a Washington, D.C. :
|b National Academy Press,
|c 1991.
|
| 300 |
|
|
|a x, 323 p. :
|b ill.
|
| 500 |
|
|
|a Proceedings of a symposium "Designing for technological change: people in the process" held on Mar. 13 and 14, 1989.
|
| 504 |
|
|
|a Includes bibliographical references and index.
|
| 533 |
|
|
|a Electronic reproduction. Ann Arbor, MI : ProQuest, 2015. Available via World Wide Web. Access may be limited to ProQuest affiliated libraries.
|
| 650 |
|
0 |
|a Technological innovations
|x Economic aspects
|z United States
|v Congresses.
|
| 650 |
|
0 |
|a Employees
|x Effect of technological innovations on
|z United States
|v Congresses.
|
| 650 |
|
0 |
|a Manufacturing industries
|x Technological innovations
|z United States
|v Case studies
|v Congresses.
|
| 650 |
|
0 |
|a Medical technology
|z United States
|v Case studies
|v Congresses.
|
| 650 |
|
0 |
|a Office practice
|x Automation
|v Case studies
|v Congresses.
|
| 655 |
|
4 |
|a Electronic books.
|
| 710 |
2 |
|
|a ProQuest (Firm)
|
| 856 |
4 |
0 |
|u https://ebookcentral.proquest.com/lib/matrademy/detail.action?docID=3376601
|z Click to View
|